EMA - Paroles Pourquoi tu m’aimes ? - Statistiques

Statistiques générales
  • Ce quiz a été pris 6 fois
  • Le résultat moyen est 232 sur 341
Statistiques - réponses
Hint Réponse % Correct
ah,
100%
ah
100%
Ah,
100%
ai
100%
aimes
100%
c'
100%
d'
100%
de
100%
des
100%
Outro Ah,
100%
Couplet 2 Pourquoi
100%
Pont Qu'
100%
Couplet 1 Tu
100%
du
100%
en
100%
j'
100%
J'
100%
l'
100%
la
100%
m'
100%
me
100%
n'
100%
pas
100%
pas ?
100%
pas,
100%
pourquoi
100%
Pourquoi
100%
qu'
100%
s'
100%
t'
100%
t’
100%
toi,
100%
toi
100%
tu
100%
Tu
100%
un
100%
avant
50%
bonheur,
50%
briller
50%
ça
50%
ce
50%
chez
50%
comme
50%
Comme
50%
couleur,
50%
dans
50%
désolée
50%
différent
50%
(dis,
50%
dis,
50%
dis)
50%
Dis
50%
Refrain Dis
50%
es
50%
Est
50%
est
50%
et
50%
étouffer
50%
être
50%
haute
50%
je
50%
laisser
50%
le
50%
même
50%
mes
50%
milliers,
50%
moi
50%
moi ?
50%
nuage
50%
on
50%
page
50%
penses
50%
Peut
50%
près
50%
que
50%
qui
50%
rage
50%
sais
50%
si
50%
souhaite
50%
suis
50%
sun
50%
ta
50%
tâché
50%
te
50%
tes
50%
tourner
50%
tout
50%
Trop
50%
va
50%
veux
50%
vois
50%
adores
0%
Alors
0%
appréciait,
0%
au
0%
belle ?
0%
cacher
0%
cette
0%
détester
0%
Pré-refrain Parfois
0%
draps,
0%
écrase
0%
enroule
0%
Essaye
0%
fait
0%
fond
0%
gâcher
0%
guerre ?
0%
impression
0%
moins
0%
ouais
0%
oublier
0%
pensais
0%
peux
0%
phrases
0%
pleure,
0%
plus
0%
rancoeur
0%
Ravale
0%
réconforte
0%
rend
0%
sens
0%
seul
0%
seule
0%
seum
0%
veuille
0%
vie
0%
voir
0%
Aucun quiz correspondant
Distribution des résultats
% des personnes avec chaque résultat
Percentile par nombre de réponses
Votre historique - résultats
Vous n’avez pas pris ce quiz